000
00357nam a2200133Ia 4500
008
151001s9999||||xx |||||||||||||| ||und||
100
_a
म स पारखे
245
_a
श्री परशुरामाचे अवतार काय
250
_a
1
260
_b
ज.आ.मोंडकर
260
_c
1962
300
_a
30
365
_b
8.5
999
_c
953722
_d
953719